00573cam a22001813a 450000100060000000300060000600500170001200800410002904000150007004200070008510000160009224501330010826000290024150600300027051600200030083000290032085600420034939874PGUSA20140828083904.0120601s2012||||xxu|||||s|||||000 | eng d aPGUSAbeng adc1 aRai, Lajpat13aAn Open Letter to the Right Honorable David Lloyd George :bPrime Minister of Great Britainh[electronic resource] /cLajpat Rai bProject Gutenberg,c2012 aPublic domain in the USA. aElectronic text 0aProject Gutenbergv3987440uhttp://www.gutenberg.org/ebooks/39874